Türk Parlamenterler Birliği ve Yüksek Danışma Kurulu çalışma raporu (Record no. 10374)

MARC details
000 -BAŞLIK
Sabit Uzunlukta Kontrol Alanı 01014na a2200277 4500
001 - KONTROL NUMARASI
Denetim Alanı 23808
003 - KONTROL NUMARASI IDENTIFIER
Denetim Alanı MIRAKIL
005 - SON İŞLEM TARİHİ VE ZAMANI
Denetim Alanı 20181213155318.0
008 - SABİT-BOY VERİ ELEMANLARI - GENEL BİLGİLER
Sabit Uzunlukta Kontrol Alanı 171227b tu 000 0
040 ## - KATALOGLAMA KAYNAK
Orijinal Kataloglama Ajansı Milas
Kataloglama Dili tur
Metne Dönüştürmek Ajansı TR-AnCHP
041 ## - DİL KODU
Metin / Ses Parça Veya Ayrı Başlığın Dil Kodu tur
082 ## - DEWEY ONLU SINIFLANDIRMA NUMARASI
Sınıflandırma Numarası 328.0609561
Ürün Numarası T96 2002
090 ## - SINIFLAMA NUMARASI
Sınıflama Numarası 328.0609561 T96 2002
110 ## - ANA GİRİŞ - KURUMSAL ADI
Giriş Elemanı Olarak Kurumsal Ad Veya Yargı Alanı Adı Türk Parlamenterler Birliği
245 ## - BAŞLIK TABLOSU
Başlık Türk Parlamenterler Birliği ve Yüksek Danışma Kurulu çalışma raporu
Başlığın Kalan 2000-2002 çalışma dönemi
Sorumluluk Tablosu, Vb Türk Parlamenterler Birliği
246 ## - UNVAN FORM VARYING
Başlık Doğru / Kısa Başlığı 2000-2002 çalışma dönemi
260 ## - YAYIN, DAĞITIM, VB
Yayın, Dağıtım, Vb Yeri Ankara
Yayıncı, Dağıtıcı, Vs Adı Türk Parlamenterler Birliği
Yayın, Dağıtım, Vb Tarihi 2002
300 ## - FİZİKSEL TANIM
Kapsam 207 s.
Diğer Fiziksel Ayrıntıları fotğ. , tbl.
Boyutlar 23 sm.
610 ## - KONU KATMA GİRİŞ - TOPLANTI ADI
Giriş Elemanı Olarak Kurumsal Ad Veya Yargı Alanı Adı Yüksek Danışma Kurulu
Genel Alt Bölüm Çalışma raporları
Kronolojik Alt Bölüm 2000-2002
610 ## - KONU KATMA GİRİŞ - TOPLANTI ADI
Giriş Elemanı Olarak Kurumsal Ad Veya Yargı Alanı Adı Türk Parlamenterler Birliği
Genel Alt Bölüm Çalışma raporları
Kronolojik Alt Bölüm 2000-2002
650 ## - KONU KATMA GİRİŞ - TOPİKAL DÖNEM
Topikal Süreli Veya Coğrafi Ad Giriş Elemanı Yasama süreci
Genel Alt Bölümü Örgütler
710 ## - KATMA GİRİŞ - KURUMSAL ADI
Giriş Elemanı Olarak Kurumsal Ad Veya Yargı Alanı Adı Yüksek Danışma Kurulu
710 ## - KATMA GİRİŞ - KURUMSAL ADI
Giriş Elemanı Olarak Kurumsal Ad Veya Yargı Alanı Adı Türk Parlamenterler Birliği
740 ## - KATMA GİRİŞ - KONTROLSUZ İLGİLİ / ANALİTİK BAŞLIK
Kontrol Edilmeyen / İlgili Analitik Başlıktaki 2000-2002 çalışma dönemi
942 ## - EKLENDİ GİRİŞ ELEMANLARI (KOHA)
Sınıflandırma Veya Raf Düzeni Kaynak Dewey Decimal Classification
Koha Öğesi Türü Books
999 ## - SİSTEM KONTROL NUMARALARI (KOHA)
Koha Biblionumber 10374
Koha Biblioitemnumber 10374
Holdings
Kalıcı Konum Mevcut Konum Edinme Tarihi Edinim Kaynak Toplam Check-Out'Lar Tam Çağrı Numarası Barkod Tarih Son Görülme İtibaren Geçerli Fiyatlar Koha Öğesi Türü
CHP Kütüphanesi CHP Kütüphanesi 12/27/2017 Bağış   328.0609561 T96 2002 017785 12/27/2017 12/27/2017 Books